[Event "Scarborough CC LH Summer op"]
[Site "Toronto"]
[Date "2010.05.13"]
[Round "2"]
[White "Marcille, Gord"]
[Black "Al Ganabi, Zaidun"]
[Result "0-1"]
[WhiteElo "1789"]
[BlackElo "1364"]
[PlyCount "50"]
[EventDate "2010.04.29"]
[EventType "swiss"]
[EventRounds "8"]
[EventCountry "CAN"]
[SourceTitle "EXT 2022"]
[Source "ChessBase"]
[SourceDate "2021.10.06"]
[SourceVersion "1"]
[SourceVersionDate "2021.10.06"]
[SourceQuality "1"]

1. e4 e5 2. Nf3 Nc6 3. Nc3 Nf6 4. Bc4 Bc5 5. 0-0 d6 6. Na4 Nxe4 7. d3 Nxf2 8. Rxf2 Bxf2+ 9. Kxf2 Bg4 10. h3 Bxf3 11. Qxf3 0-0 12. Nc3 Nd4 13. Qg4 Kh8 14. Bg5 f6 15. Be3 Nxc2 16. Rc1 Nxe3 17. Kxe3 f5 18. Qd1 Qg5+ 19. Kf2 c6 20. Rc2 d5 21. Bb3 e4 22. dxe4 fxe4+ 23. Kg1 Rf6 24. Bxd5 cxd5 25. Nxd5 Rd6 0-1

[Event "Toronto Scarborough CC Falling Leaves"]
[Site "Toronto"]
[Date "2009.11.05"]
[Round "1"]
[White "Radpey, Abdolreza"]
[Black "Marcille, Gord"]
[Result "1-0"]
[WhiteElo "1508"]
[BlackElo "1842"]
[PlyCount "113"]
[EventDate "2009.11.05"]
[EventType "swiss"]
[EventRounds "7"]
[EventCountry "CAN"]
[SourceTitle "EXT 2011"]
[Source "ChessBase"]
[SourceDate "2010.11.26"]
[SourceVersion "1"]
[SourceVersionDate "2010.11.26"]
[SourceQuality "1"]

1. Nf3 Nc6 2. d4 d5 3. c4 Nf6 4. Nc3 Bf5 5. a3 e6 6. Bf4 Nh5 7. Bd2 Be7 8. h3 Nf6 9. Bf4 0-0 10. e3 Be4 11. Nd2 Bd6 12. Bh2 Bxh2 13. Ndxe4 Nxe4 14. Nxe4 dxe4 15. Rxh2 e5 16. d5 Na5 17. b4 c5 18. bxa5 Qxa5+ 19. Qd2 Qa6 20. Be2 f5 21. Qc3 Qd6 22. Rb1 b6 23. f3 exf3 24. gxf3 f4 25. Rg2 Rae8 26. e4 Qd7 27. Rh2 Rf6 28. Kf2 Rh6 29. Rbh1 Rh4 30. Bf1 Qa4 31. Rg1 Rh6 32. Rg5 Qd1 33. Bd3 a5 34. Qc2 Qa1 35. Qa4 Rf8 36. Ke2 Qb2+ 37. Bc2 Qc3 38. Qb3 Qd4 39. Qd3 Qa1 40. h4 Rff6 41. h5 Rfg6 42. Rxg6 hxg6 43. d6 Qg1 44. Rf2 Qg5 45. d7 Qd8 46. Qd5+ Kh7 47. hxg6+ Kxg6 48. Qe6+ Kh7 49. Qf5+ Kg8 50. Ba4 Rd6 51. Rh2 Qe7 52. Qh7+ Kf7 53. Rg2 Qf6 54. Qh8 g6 55. Qe8+ Kg7 56. Rh2 Qe6 57. Qh8+ 1-0

[Event "Toronto Howard Ridout op"]
[Site "Toronto"]
[Date "2009.10.08"]
[Round "5"]
[White "Marcille, Gord"]
[Black "Zhou, Kevin"]
[Result "0-1"]
[WhiteElo "1855"]
[BlackElo "1826"]
[PlyCount "58"]
[EventDate "2009.09.10"]
[EventType "swiss"]
[EventRounds "8"]
[EventCountry "CAN"]
[SourceTitle "EXT 2011"]
[Source "ChessBase"]
[SourceDate "2010.11.26"]
[SourceVersion "1"]
[SourceVersionDate "2010.11.26"]
[SourceQuality "1"]

1. e4 e5 2. Nf3 Nc6 3. Nc3 Nf6 4. Bb5 d6 5. d4 Bd7 6. Bxc6 Bxc6 7. d5 Bd7 8. 0-0 Be7 9. Bg5 0-0 10. Bxf6 Bxf6 11. h3 b5 12. b4 g6 13. Nh2 Bg7 14. f4 exf4 15. Qd3 Qf6 16. Rf3 Qd4+ 17. Kh1 Qxb4 18. Raf1 g5 19. Qd2 f5 20. Rb1 Bxc3 21. Qd1 Qc4 22. exf5 Bxf5 23. Ng4 Bxg4 24. hxg4 Rae8 25. Qg1 Re3 26. Rxe3 fxe3 27. Qxe3 Rf1+ 28. Rxf1 Qxf1+ 29. Kh2 Qf4+ 0-1